The Walking Dead (Part 2) - Statistiques

Statistiques générales
  • Ce quiz a été pris 2 264 fois
  • Le résultat moyen est 4 sur 5
Statistiques - réponses
Question Réponse % Correct
Comment est-mort Glenn Rhee ? Tête écrasée par Negan en utilisant sa batte, Lucille.
100%
Qui est l'acteur qui joue Rick Grimes ? Andrew Lincoln
93%
Qui est Beth Greene ? La belle-soeur de Glenn, la soeur de Maggie et la fille de Hershel Greene.
92%
Comment meurt Carl Grimes ? Il se tire une balle dans la tête pour éviter sa réanimation.
90%
Comment se nommait le compagnon de Michonne ? Mike
66%
Aucun quiz correspondant
Distribution des résultats
% des personnes avec chaque résultat
Percentile par nombre de réponses
Votre historique - résultats
Vous n’avez pas pris ce quiz